Totálna syntéza agropyrenolu diplomová práca

Saved in:
Bibliographic Details
Main Author: Sokoliová, Saskia
Format: Book
Language:Slovak
Published: Bratislava STU FCHPT 2018
Online Access:View in OPAC
Tags: Add Tag
No Tags, Be the first to tag this record!

MARC

LEADER 00000nam a2200000 a 4500
005 20260127134312.0
008 180803 2018 xo a 001 0 slo d
035 |a vtls011770426 
039 9 |a 201808101333  |b mschk03  |y 201808031029  |z mschk03 
040 |a STUSCHK1  |b slo  |c STUSCHK1  |e AACR2 
100 1 |a Sokoliová, Saskia 
245 1 |a Totálna syntéza agropyrenolu  |b diplomová práca  |c Saskia Sokoliová 
260 |a Bratislava  |b STU FCHPT  |c 2018 
300 |a 66 s.  |b il.  |c 25 cm 
500 |a Študijný program: technická chémia 
500 |a Študijný odbor: chémia, chemické technológie 
500 |a Školiace pracovisko: Oddelenie organickej chémie 
500 |a Evid. číslo: FCHPT-104542-65139 
910 |a SCHK95 
999 |c 9236  |d 9236